Formation of Structural-Phase States in Alumina Ceramics VK-95 by Sintering in a Constant Magnetic Field; Russian Physics Journal; Vol. 62, iss. 2
| Parent link: | Russian Physics Journal Vol. 62, iss. 2.— 2019.— [P. 378–381] |
|---|---|
| Enti autori: | , , |
| Altri autori: | , , , , |
| Riassunto: | Title screen Режим доступа: по договору с организацией-держателем ресурса |
| Lingua: | inglese |
| Pubblicazione: |
2019
|
| Soggetti: | |
| Accesso online: | https://doi.org/10.1007/s11182-019-01722-y |
| Natura: | MixedMaterials Elettronico Capitolo di libro |
| KOHA link: | https://koha.lib.tpu.ru/cgi-bin/koha/opac-detail.pl?biblionumber=662096 |
MARC
| LEADER | 00000naa0a2200000 4500 | ||
|---|---|---|---|
| 001 | 662096 | ||
| 005 | 20250422141927.0 | ||
| 035 | |a (RuTPU)RU\TPU\network\33230 | ||
| 090 | |a 662096 | ||
| 100 | |a 20200518d2019 k||y0rusy50 ba | ||
| 101 | 0 | |a eng | |
| 135 | |a drcn ---uucaa | ||
| 181 | 0 | |a i | |
| 182 | 0 | |a b | |
| 200 | 1 | |a Formation of Structural-Phase States in Alumina Ceramics VK-95 by Sintering in a Constant Magnetic Field |f A. P. Klishin, S. V. Rudnev, S. A. Gyngazov (Ghyngazov) [et al.] | |
| 203 | |a Text |c electronic | ||
| 300 | |a Title screen | ||
| 320 | |a [References: 12 tit.] | ||
| 333 | |a Режим доступа: по договору с организацией-держателем ресурса | ||
| 461 | |t Russian Physics Journal | ||
| 463 | |t Vol. 62, iss. 2 |v [P. 378–381] |d 2019 | ||
| 610 | 1 | |a электронный ресурс | |
| 610 | 1 | |a труды учёных ТПУ | |
| 610 | 1 | |a magnetic field | |
| 610 | 1 | |a microstructure | |
| 610 | 1 | |a alumina | |
| 610 | 1 | |a strength | |
| 610 | 1 | |a microhardness | |
| 610 | 1 | |a магнитное поле | |
| 610 | 1 | |a микроструктура | |
| 610 | 1 | |a оксид алюминия | |
| 610 | 1 | |a прочность | |
| 610 | 1 | |a микротвердость | |
| 701 | 1 | |a Klishin |b A. P. |g Andrey Petrovich | |
| 701 | 1 | |a Rudnev |b S. V. |c specialist in the field of oil and gas business |c lead engineer of Tomsk Polytechnic University |f 1946- |g Stanislav Vasilievich |3 (RuTPU)RU\TPU\pers\34479 | |
| 701 | 1 | |a Gyngazov (Ghyngazov) |b S. A. |c specialist in the field of electronics |c Professor of Tomsk Polytechnic University, Doctor of technical sciences |f 1958- |g Sergey Anatolievich |3 (RuTPU)RU\TPU\pers\33279 |9 17024 | |
| 701 | 1 | |a Vereshchagin (Vereschagin, Vereshagin) |b V. I. |c Chemical Engineer |c Professor of Tomsk Polytechnic University, Doctor of technical sciences |f 1942- |g Vladimir Ivanovich |3 (RuTPU)RU\TPU\pers\26325 |9 12080 | |
| 701 | 1 | |a Borodin |b Yu. V. |c Chemical engineer |c Associate Professor of Tomsk Polytechnic University, Candidate of technical sciences |f 1958- |g Yuri Viktorovich |3 (RuTPU)RU\TPU\pers\32038 |9 16085 | |
| 712 | 0 | 2 | |a Национальный исследовательский Томский политехнический университет (ТПУ) |b Институт неразрушающего контроля (ИНК) |b Проблемная научно-исследовательская лаборатория электроники, диэлектриков и полупроводников (ПНИЛ ЭДиП) |3 (RuTPU)RU\TPU\col\19033 |
| 712 | 0 | 2 | |a Национальный исследовательский Томский политехнический университет |b Инженерная школа новых производственных технологий |b Научно-образовательный центр Н. М. Кижнера |3 (RuTPU)RU\TPU\col\23556 |
| 712 | 0 | 2 | |a Национальный исследовательский Томский политехнический университет |b Инженерная школа неразрушающего контроля и безопасности |b Отделение контроля и диагностики |3 (RuTPU)RU\TPU\col\23584 |
| 801 | 2 | |a RU |b 63413507 |c 20200518 |g RCR | |
| 850 | |a 63413507 | ||
| 856 | 4 | 0 | |u https://doi.org/10.1007/s11182-019-01722-y |
| 942 | |c CF | ||